Štruktúra a vlastnosti nástrojovej ocele S390 po boridovaní

Guardado en:
Detalles Bibliográficos
Autor principal: Buček, Martin (Autor)
Otros Autores: Sedlická, Viktória (Orientador)
Formato: Manuscrito Libro
Lenguaje:eslovaco
Publicado: 2016
Materias:
Acceso en línea:http://is.stuba.sk/zp/portal_zp.pl?podrobnosti=118349
Etiquetas: Agregar Etiqueta
Sin Etiquetas, Sea el primero en etiquetar este registro!

MARC

LEADER 00000ntm a22000003a 4500
001 stuzp56603
003 SK-STU
005 20160719155036.7
007 ta
008 150427s2015----xo-----f-mn---000-0-slo-d
040 |a STU  |b slo 
041 0 |a slo 
100 1 |a Buček, Martin  |u 061000  |k Z4  |4 aut  |U MTF Materiálovotechnologická fakulta  |T MTF Ústav materiálov  |X 45937  |U M1000  |Y 81  |7 A000045937 
242 0 1 |a The structure and features of S390 tool steel after boronizing  |y eng 
245 1 0 |a Štruktúra a vlastnosti nástrojovej ocele S390 po boridovaní 
260 |c 2016 
650 4 |a nástrojové ocele  |2 slo 
650 4 |a chemicko - tepelné spracovanie  |2 slo 
650 4 |a mikrotvrdosť  |2 slo 
650 4 |a boridovanie  |2 slo 
650 4 |a mikrotvrdosť  |2 slo 
650 4 |a boronizing  |2 eng 
650 4 |a chemical-heat treatment  |2 eng 
650 4 |a thickness of layers  |2 eng 
650 4 |a microhardness  |2 eng 
650 4 |a tool steel  |2 eng 
700 1 |a Sedlická, Viktória  |u 061000  |k Z8  |4 ths  |U MTF Materiálovotechnologická fakulta  |T MTF Ústav materiálov  |X 1527  |U M1000  |Y 81  |7 A000001527 
856 4 |u http://is.stuba.sk/zp/portal_zp.pl?podrobnosti=118349 
996 |c M* DP-12755  |l MMSKP  |s P  |a 0  |w stuzp56603_0001 
SQL |a stuzp56603  |b DDP  |c SLO  |d Štruktúra a vlastnosti nástrojovej ocele S390 po boridovaní  |e 45937  |f Buček, Martin  |g 061000  |h 1527  |i Sedlická, Viktória  |j 20160602  |k 667  |l 06  |m http://is.stuba.sk/zp/portal_zp.pl?podrobnosti=118349  |n I-MI  |o 5.2.26. materiály